[Event "Oberliga Nord W 1112"]
[Site "Germany"]
[Date "2012.04.15"]
[Round "9.3"]
[White "Markert, Malte"]
[Black "Juhnke, Karl"]
[Result "1-0"]
[WhiteElo "2315"]
[BlackElo "2178"]
[PlyCount "113"]
[EventDate "2011.10.02"]
[EventType "team-tourn"]
[EventRounds "9"]
[EventCountry "GER"]
[SourceTitle "EXT 2013"]
[Source "ChessBase"]
[SourceDate "2012.11.22"]
[SourceVersion "1"]
[SourceVersionDate "2012.11.22"]
[SourceQuality "1"]
[WhiteTeam "Delmenhorst"]
[BlackTeam "Bremer SG"]
[WhiteTeamCountry "GER"]
[BlackTeamCountry "GER"]

1. Nf3 Nf6 2. c4 g6 3. Nc3 Bg7 4. e4 d6 5. d4 0-0 6. Be2 e5 7. dxe5 dxe5 8. Qxd8 Rxd8 9. Bg5 Na6 10. Nd5 Rd6 11. Nd2 c6 12. c5 Re6 13. Nxf6+ Bxf6 14. Bxf6 Rxf6 15. Bxa6 bxa6 16. Rc1 Rb8 17. b3 Be6 18. 0-0 Rb4 19. Rfe1 a5 20. Nf3 a4 21. Nxe5 axb3 22. Nxc6 Ra4 23. axb3 Bxb3 24. Ne7+ Kf8 25. Nd5 Rc6 26. Rc3 Bc4 27. Rec1 Ba6 28. f3 Bc8 29. g4 h6 30. R1c2 Be6 31. Kf2 Kg7 32. Ke3 Kf8 33. h4 g5 34. hxg5 hxg5 35. Rb3 Kg7 36. Rb8 Ra3+ 37. Kf2 Ra5 38. Rg8+ Kxg8 39. Ne7+ Kf8 40. Nxc6 Ra3 41. Nd4 Ke7 42. c6 Bc8 43. Rc5 f6 44. c7 Ra2+ 45. Ke3 Kd7 46. Nb5 Ra6 47. e5 fxe5 48. Rxe5 Rg6 49. Nxa7 Kxc7 50. Rc5+ Kb6 51. Rxc8 Kxa7 52. f4 Re6+ 53. Kf3 gxf4 54. Kxf4 Kb7 55. Kf5 Re1 56. Rc4 Rf1+ 57. Kg6 1-0

[Event "Oberliga Nord W 1112"]
[Site "Germany"]
[Date "2012.03.18"]
[Round "8.2"]
[White "Markert, Malte"]
[Black "Clemens, Christian"]
[Result "1-0"]
[WhiteElo "2315"]
[BlackElo "2284"]
[PlyCount "39"]
[EventDate "2011.10.02"]
[EventType "team-tourn"]
[EventRounds "9"]
[EventCountry "GER"]
[SourceTitle "EXT 2013"]
[Source "ChessBase"]
[SourceDate "2012.11.22"]
[SourceVersion "1"]
[SourceVersionDate "2012.11.22"]
[SourceQuality "1"]
[WhiteTeam "Delmenhorst"]
[BlackTeam "Braunschweig Gliesmarode"]
[WhiteTeamCountry "GER"]
[BlackTeamCountry "GER"]

1. d4 f5 2. e4 fxe4 3. Nc3 Nf6 4. Bg5 Nc6 5. d5 Ne5 6. Qd4 Nf7 7. h4 c6 8. 0-0-0 Qb6 9. Bxf6 gxf6 10. Qxe4 Qxf2 11. Nf3 Bh6+ 12. Kb1 Qe3 13. Qa4 Qf4 14. Nd4 c5 15. g3 Qxg3 16. Ne6 Nd8 17. Be2 Qe5 18. Rhe1 Nxe6 19. dxe6 b5 20. Bxb5 1-0

[Event "Bundesliga 1011"]
[Site "Germany"]
[Date "2011.04.10"]
[Round "15.5"]
[White "Adams, Michael"]
[Black "Markert, Malte"]
[Result "1-0"]
[WhiteElo "2728"]
[BlackElo "2348"]
[PlyCount "87"]
[EventDate "2010.10.09"]
[EventType "team-tourn"]
[EventRounds "15"]
[EventCountry "GER"]
[SourceTitle "EXT 2012"]
[Source "ChessBase"]
[SourceDate "2011.11.24"]
[SourceVersion "1"]
[SourceVersionDate "2011.11.24"]
[SourceQuality "1"]
[WhiteTeam "Baden-Baden"]
[BlackTeam "Delmenhorst"]
[WhiteTeamCountry "GER"]
[BlackTeamCountry "GER"]

1. e4 e5 2. Nf3 Nc6 3. Bb5 Nf6 4. d3 d6 5. 0-0 Bd7 6. c4 g6 7. Nc3 Bg7 8. h3 0-0 9. Be3 Re8 10. Ba4 h6 11. Rc1 Nh5 12. Nd5 b6 13. b4 Nb8 14. c5 bxc5 15. bxc5 c6 16. Nc3 dxc5 17. Bb3 Be6 18. Na4 Nd7 19. Nxc5 Nxc5 20. Rxc5 Qd6 21. Qc2 Bxb3 22. axb3 Red8 23. Rd1 Rac8 24. Ra5 Qe6 25. Rxa7 Rb8 26. Rb1 Nf4 27. Ne1 g5 28. Ra4 g4 29. hxg4 Qxg4 30. Rc4 Rd6 31. Bxf4 exf4 32. Rxc6 Rxc6 33. Qxc6 Rc8 34. Qd5 Re8 35. Nf3 Re6 36. Qd7 h5 37. Qd8+ Bf8 38. Qg5+ Rg6 39. Qxg4 hxg4 40. Ne5 Rg5 41. d4 Bb4 42. Rc1 Ba5 43. Rc5 Bb6 44. Nxf7 1-0

[Event "Bundesliga 1011"]
[Site "Germany"]
[Date "2011.04.09"]
[Round "14.5"]
[White "Markert, Malte"]
[Black "Guliyev, Namig"]
[Result "0-1"]
[WhiteElo "2348"]
[BlackElo "2510"]
[PlyCount "56"]
[EventDate "2010.10.09"]
[EventType "team-tourn"]
[EventRounds "15"]
[EventCountry "GER"]
[SourceTitle "EXT 2012"]
[Source "ChessBase"]
[SourceDate "2011.11.24"]
[SourceVersion "1"]
[SourceVersionDate "2011.11.24"]
[SourceQuality "1"]
[WhiteTeam "Delmenhorst"]
[BlackTeam "Eppingen"]
[WhiteTeamCountry "GER"]
[BlackTeamCountry "GER"]

1. d4 d5 2. c4 dxc4 3. Nf3 a6 4. e3 Nf6 5. Bxc4 e6 6. 0-0 Nbd7 7. Bb3 b5 8. Nc3 Bb7 9. Qe2 c5 10. Rd1 Qb8 11. e4 cxd4 12. Nxd4 Bd6 13. g3 0-0 14. f3 Nc5 15. Bc2 Rd8 16. Be3 Qc7 17. a3 Rac8 18. Rd2 Ncd7 19. Rad1 b4 20. axb4 Bxb4 21. Rc1 Ne5 22. Bb3 Nc4 23. Bxc4 Qxc4 24. Qf2 Bxe4 25. Nce2 Qxc1+ 26. Nxc1 Rxc1+ 27. Kg2 Ng4 28. Rc2 Rxc2 0-1

[Event "Bundesliga 1011"]
[Site "Germany"]
[Date "2010.11.13"]
[Round "3.6"]
[White "Haslinger, Stewart"]
[Black "Markert, Malte"]
[Result "1-0"]
[WhiteElo "2543"]
[BlackElo "2348"]
[PlyCount "127"]
[EventDate "2010.10.09"]
[EventType "team-tourn"]
[EventRounds "15"]
[EventCountry "GER"]
[SourceTitle "EXT 2012"]
[Source "ChessBase"]
[SourceDate "2011.11.24"]
[SourceVersion "1"]
[SourceVersionDate "2011.11.24"]
[SourceQuality "1"]
[WhiteTeam "Trier"]
[BlackTeam "Delmenhorst"]
[WhiteTeamCountry "GER"]
[BlackTeamCountry "GER"]

1. e4 e5 2. Nf3 Nc6 3. d4 exd4 4. Nxd4 Bc5 5. Nxc6 Qf6 6. Qf3 bxc6 7. Nd2 a5 8. Nb3 Bb6 9. a4 d6 10. Bd2 Qxf3 11. gxf3 Ne7 12. Rg1 0-0 13. Be3 f5 14. e5 dxe5 15. Bc4+ Nd5 16. 0-0-0 Bb7 17. h4 Kh8 18. Bc5 Rf6 19. Rg5 h6 20. Rgg1 Re8 21. Rge1 Rg6 22. Rd2 Rg2 23. Rde2 Rh2 24. Rxe5 Rxe5 25. Rxe5 Rxh4 26. Re8+ Kh7 27. Bd3 Nf4 28. Bxf5+ g6 29. Bxb6 cxb6 30. Re7+ Kg8 31. Rxb7 gxf5 32. Rxb6 h5 33. Rxc6 Ne2+ 34. Kd2 Nd4 35. Nxd4 Rxd4+ 36. Ke3 Rxa4 37. Rc5 Kg7 38. Rxf5 Kg6 39. Rd5 h4 40. f4 h3 41. Rg5+ Kf6 42. b3 Ra1 43. Rh5 Rh1 44. f5 Ke5 45. f4+ Kf6 46. Kd3 Rh2 47. c4 Rh1 48. Kc3 Rc1+ 49. Kb2 Rh1 50. Ka2 Rh2+ 51. Ka3 Rh1 52. Kb2 Rh2+ 53. Kc1 Rh1+ 54. Kc2 Rh2+ 55. Kd3 Rh1 56. Kc3 Rc1+ 57. Kd2 Rh1 58. c5 Rh2+ 59. Kd3 Rh1 60. c6 Rc1 61. Kd2 Rc5 62. Rxh3 Ke7 63. Rc3 Rd5+ 64. Ke3 1-0

[Event "Wroclaw WSB GM"]
[Site "Wroclaw"]
[Date "2010.09.23"]
[Round "8"]
[White "Butkiewicz, Lukasz"]
[Black "Markert, Malte"]
[Result "1-0"]
[WhiteElo "2369"]
[BlackElo "2294"]
[PlyCount "69"]
[EventDate "2010.09.16"]
[EventType "tourn"]
[EventRounds "9"]
[EventCountry "POL"]
[EventCategory "8"]
[SourceTitle "CBM 138 Extra"]
[Source "ChessBase"]
[SourceDate "2010.10.29"]
[SourceVersion "1"]
[SourceVersionDate "2010.10.29"]
[SourceQuality "1"]

1. Nc3 Nf6 2. d4 d5 3. Bg5 Nbd7 4. Qd3 e6 5. e4 dxe4 6. Nxe4 Be7 7. Bxf6 Nxf6 8. Nf3 0-0 9. Nxf6+ Bxf6 10. Qe4 c5 11. Bd3 g6 12. dxc5 Bxb2 13. Rb1 Qa5+ 14. Ke2 Qxa2 15. h4 Bg7 16. h5 Qd5 17. Qh4 Re8 18. hxg6 hxg6 19. Ng5 Bd7 20. Rh3 Re7 21. Bxg6 f5 22. Kf1 Bc6 23. Rg3 Qd4 24. Qh5 Qf6 25. Re1 Bd5 26. Bh7+ Kf8 27. Bxf5 Qxf5 28. Nh7+ Kg8 29. Qxf5 exf5 30. Rxe7 Bf7 31. Ng5 Bc4+ 32. Kg1 Kf8 33. Rxb7 Be5 34. Nh7+ Ke8 35. Re3 1-0

[Event "Wroclaw WSB GM"]
[Site "Wroclaw"]
[Date "2010.09.20"]
[Round "5"]
[White "Warakomski, Tomasz"]
[Black "Markert, Malte"]
[Result "1-0"]
[WhiteElo "2485"]
[BlackElo "2294"]
[PlyCount "96"]
[EventDate "2010.09.16"]
[EventType "tourn"]
[EventRounds "9"]
[EventCountry "POL"]
[EventCategory "8"]
[SourceTitle "CBM 138 Extra"]
[Source "ChessBase"]
[SourceDate "2010.10.29"]
[SourceVersion "1"]
[SourceVersionDate "2010.10.29"]
[SourceQuality "1"]

1. e4 e5 2. Nf3 Nc6 3. Nc3 Nf6 4. a3 g6 5. d4 exd4 6. Nxd4 Bg7 7. Nde2 d6 8. g3 h5 9. h3 Be6 10. Bg2 Qd7 11. f4 0-0-0 12. Be3 d5 13. e5 Ng8 14. Nd4 Nge7 15. Nxe6 fxe6 16. Na4 Nf5 17. Bf2 h4 18. Nc5 Qe7 19. g4 Ng3 20. Qd3 Nb8 21. Qxg6 Rh6 22. Qd3 Nxh1 23. Bxh1 Qf7 24. Qd2 Rhh8 25. 0-0-0 b6 26. Nd3 c5 27. Bg1 c4 28. Ne1 Nd7 29. Nf3 Bh6 30. Bh2 Nc5 31. Nd4 c3 32. bxc3 Qe7 33. Nc6 Qd7 34. Nxd8 Qa4 35. Qd4 Qxa3+ 36. Kd2 Rxd8 37. Qb4 Qa2 38. Bf3 Bf8 39. Qb5 Ne4+ 40. Bxe4 dxe4+ 41. Ke1 Rxd1+ 42. Kxd1 Kc7 43. Qe2 e3 44. Qxe3 Bc5 45. Qe4 Qa1+ 46. Ke2 Qxc3 47. Qh7+ Kc6 48. f5 Qa1 1-0

[Event "Wroclaw WSB GM"]
[Site "Wroclaw"]
[Date "2010.09.18"]
[Round "3"]
[White "Plat, Vojtech"]
[Black "Markert, Malte"]
[Result "1-0"]
[WhiteElo "2388"]
[BlackElo "2294"]
[PlyCount "53"]
[EventDate "2010.09.16"]
[EventType "tourn"]
[EventRounds "9"]
[EventCountry "POL"]
[EventCategory "8"]
[SourceTitle "CBM 138 Extra"]
[Source "ChessBase"]
[SourceDate "2010.10.29"]
[SourceVersion "1"]
[SourceVersionDate "2010.10.29"]
[SourceQuality "1"]

1. e4 e5 2. Nf3 Nc6 3. Bb5 Nf6 4. 0-0 Nxe4 5. d4 Nd6 6. dxe5 Nxb5 7. a4 Nbd4 8. Nxd4 Nxd4 9. Qxd4 d5 10. exd6 Qxd6 11. Re1+ Be6 12. Qe4 0-0-0 13. Nc3 a6 14. Bg5 Be7 15. Bf4 Qb4 16. Qf3 Bd6 17. Bxd6 Rxd6 18. Ne4 Rc6 19. Qe3 Rxc2 20. Qa7 Kd7 21. Rad1+ Ke7 22. Qe3 Re8 23. Ng5 Rc6 24. Rd4 Qb6 25. Ne4 Kf8 26. Qa3+ Kg8 27. Qe7 1-0

[Event "Wroclaw WSB GM"]
[Site "Wroclaw"]
[Date "2010.09.17"]
[Round "2"]
[White "Markert, Malte"]
[Black "Smith, Axel"]
[Result "0-1"]
[WhiteElo "2294"]
[BlackElo "2423"]
[PlyCount "74"]
[EventDate "2010.09.16"]
[EventType "tourn"]
[EventRounds "9"]
[EventCountry "POL"]
[EventCategory "8"]
[SourceTitle "CBM 138 Extra"]
[Source "ChessBase"]
[SourceDate "2010.10.29"]
[SourceVersion "1"]
[SourceVersionDate "2010.10.29"]
[SourceQuality "1"]

1. d4 Nf6 2. c4 g6 3. Nc3 d5 4. cxd5 Nxd5 5. e4 Nxc3 6. bxc3 Bg7 7. Bc4 c5 8. Ne2 Nc6 9. Be3 0-0 10. 0-0 Bd7 11. Rb1 Qc7 12. Bf4 Qc8 13. Bd5 Rd8 14. Bxc6 Qxc6 15. Qd3 b5 16. Qe3 Qa6 17. Bh6 cxd4 18. cxd4 Bxh6 19. Qxh6 Qxa2 20. Nf4 Qa3 21. e5 Bf5 22. Rxb5 Rxd4 23. Nd5 Kh8 24. Qg5 Re8 25. e6 fxe6 26. Nf6 Red8 27. h3 exf6 28. Qxf6+ Kg8 29. Rb7 R4d7 30. Rxd7 Rxd7 31. g4 Qxh3 32. gxf5 Qxf5 33. Qc3 Qg4+ 34. Kh2 Rd5 35. Qc8+ Kg7 36. Qc7+ Kh6 37. Qc1+ Rg5 0-1

[Event "Wroclaw WSB GM"]
[Site "Wroclaw"]
[Date "2010.09.16"]
[Round "1"]
[White "Malakhatko, Vadim"]
[Black "Markert, Malte"]
[Result "0-1"]
[WhiteElo "2549"]
[BlackElo "2294"]
[PlyCount "100"]
[EventDate "2010.09.16"]
[EventType "tourn"]
[EventRounds "9"]
[EventCountry "POL"]
[EventCategory "8"]
[SourceTitle "CBM 138 Extra"]
[Source "ChessBase"]
[SourceDate "2010.10.29"]
[SourceVersion "1"]
[SourceVersionDate "2010.10.29"]
[SourceQuality "1"]

1. d4 d5 2. c4 e6 3. Nf3 Nf6 4. Nc3 Be7 5. Bg5 0-0 6. e3 h6 7. Bh4 Ne4 8. Bxe7 Qxe7 9. cxd5 Nxc3 10. bxc3 exd5 11. c4 dxc4 12. Bxc4 b6 13. 0-0 Bb7 14. Rc1 Nd7 15. Bb5 a6 16. Bc6 Bxc6 17. Rxc6 Rac8 18. Qb1 Nb8 19. Rc3 Nd7 20. Qd3 b5 21. Rc6 Nb8 22. Rc5 Nd7 23. Rc2 Rfd8 24. Rfc1 Nb6 25. h3 Nc4 26. Nd2 Nxd2 27. Qxd2 c5 28. Qa5 c4 29. Qxa6 Qe8 30. Rb2 Rd5 31. Qb7 Rg5 32. h4 Rf5 33. g3 Rb8 34. Qg2 Qc8 35. e4 Rf6 36. e5 Ra6 37. Qd5 Qe8 38. Rcb1 Rd8 39. Qc5 Qd7 40. Rd2 Qc6 41. Rxb5 c3 42. Rc2 Qe4 43. Qxc3 Rxd4 44. Rc1 Rxa2 45. Re1 Qd3 46. Rb8+ Kh7 47. Qc8 Qf3 48. Rf1 Rd1 49. Qh8+ Kg6 50. Rb6+ Kh5 0-1

[Event "Bremen-ch op"]
[Site "Bremen"]
[Date "2010.04.01"]
[Round "7"]
[White "Jugelt, Tobias"]
[Black "Markert, Malte"]
[Result "1/2-1/2"]
[WhiteElo "2404"]
[BlackElo "2294"]
[PlyCount "34"]
[EventDate "2010.03.27"]
[EventType "swiss"]
[EventRounds "9"]
[EventCountry "GER"]
[SourceTitle "EXT 2022"]
[Source "ChessBase"]
[SourceDate "2021.10.06"]
[SourceVersion "1"]
[SourceVersionDate "2021.10.06"]
[SourceQuality "1"]

1. d4 d5 2. Bf4 e6 3. e3 c5 4. c3 Nc6 5. Nf3 Nf6 6. Nbd2 Bd6 7. Ne5 Qc7 8. Ndf3 Nd7 9. Nxd7 Bxd7 10. Bxd6 Qxd6 11. Bb5 0-0 12. 0-0 Rfc8 13. Qe2 h6 14. Rad1 a6 15. Bxc6 bxc6 16. Ne5 cxd4 17. Nxd7 Qxd7 1/2-1/2

[Event "BL2-Nord 0910"]
[Site "Germany"]
[Date "2009.11.28"]
[Round "5.8"]
[White "Borgmeyer, Max"]
[Black "Markert, Malte"]
[Result "0-1"]
[WhiteElo "2058"]
[BlackElo "2294"]
[PlyCount "158"]
[EventDate "2009.10.18"]
[EventType "team-tourn"]
[EventRounds "9"]
[EventCountry "GER"]
[SourceTitle "EXT 2011"]
[Source "ChessBase"]
[SourceDate "2010.11.26"]
[SourceVersion "1"]
[SourceVersionDate "2010.11.26"]
[SourceQuality "1"]
[WhiteTeam "Koenigsspringer"]
[BlackTeam "Delmenhorst"]
[WhiteTeamCountry "GER"]
[BlackTeamCountry "GER"]

1. e4 e5 2. Nf3 Nc6 3. Nc3 Nf6 4. Bb5 Nd4 5. Bc4 d5 6. Bxd5 Nxd5 7. Nxd5 Bg4 8. c3 Nxf3+ 9. gxf3 Bh5 10. d4 c6 11. Ne3 exd4 12. cxd4 Bb4+ 13. Bd2 Qxd4 14. Nf5 Qxd2+ 15. Qxd2 Bxd2+ 16. Kxd2 Bxf3 17. Rhg1 g6 18. Nd6+ Kf8 19. Ke3 Bh5 20. f3 Rb8 21. Rad1 Ke7 22. Rd4 Rhd8 23. Rgd1 b6 24. b4 f6 25. a4 c5 26. bxc5 bxc5 27. R4d3 Ke6 28. Kf2 Rb6 29. Nb7 Rc8 30. Rd7 Rb3 31. R1d6+ Ke5 32. Rd5+ Kf4 33. Nxc5 Rb2+ 34. Kg1 Rb1+ 35. Kf2 Rb2+ 36. Kg1 Kxf3 37. Rd3+ Ke2 38. Ne6 g5 39. Rg3 Rc1+ 40. Kg2 Ke1+ 41. Kg1 Rd2 42. Rxa7 Bg6 43. Re3+ Re2 44. Rf3 Rxe4 45. Rf1+ Ke2 46. Nf4+ Rxf4 47. Re7+ Be4 48. Rxe4+ Rxe4 49. Rxc1 Rg4+ 50. Kh1 Rxa4 51. Rc2+ Kf3 52. Rc3+ Kg4 53. Rc2 f5 54. Kg2 Ra3 55. Rb2 f4 56. Rb7 h5 57. Rb4 Re3 58. Kf2 Kh4 59. Ra4 Rb3 60. Rc4 Rb2+ 61. Kg1 Re2 62. Ra4 Kg4 63. Rb4 Kf3 64. Rb3+ Re3 65. Rb1 g4 66. Kf1 h4 67. Rb2 Ra3 68. Rb1 h3 69. Kg1 Rc3 70. Re1 Rc2 71. Rf1+ Ke3 72. Re1+ Re2 73. Ra1 Rg2+ 74. Kh1 Rd2 75. Re1+ Re2 76. Ra1 Rc2 77. Re1+ Kd2 78. Rg1 Rc1 79. Rxc1 Kxc1 0-1

[Event "BL2-Nord 0910"]
[Site "Germany"]
[Date "2009.11.15"]
[Round "2.8"]
[White "Markert, Malte"]
[Black "Lampe, Dirk"]
[Result "1-0"]
[WhiteElo "2294"]
[BlackElo "2273"]
[PlyCount "73"]
[EventDate "2009.10.18"]
[EventType "team-tourn"]
[EventRounds "9"]
[EventCountry "GER"]
[SourceTitle "EXT 2011"]
[Source "ChessBase"]
[SourceDate "2010.11.26"]
[SourceVersion "1"]
[SourceVersionDate "2010.11.26"]
[SourceQuality "1"]
[WhiteTeam "Delmenhorst"]
[BlackTeam "Luebeck"]
[WhiteTeamCountry "GER"]
[BlackTeamCountry "GER"]

1. d4 Nf6 2. c4 g6 3. g3 Bg7 4. Bg2 0-0 5. Nf3 d6 6. 0-0 c6 7. Nc3 Qa5 8. h3 Be6 9. Nd2 Qa6 10. d5 cxd5 11. cxd5 Bd7 12. a4 Rc8 13. Ra3 Be8 14. b4 Nfd7 15. Bb2 Qb6 16. Qb3 Qd4 17. Rd1 Na6 18. b5 Nac5 19. Qa2 a6 20. Nc4 Qf6 21. Ne4 Qf5 22. g4 Qf4 23. Bc1 Qxe4 24. Bxe4 Nxe4 25. Bd2 Bd4 26. Be1 Bc5 27. bxa6 b5 28. axb5 Bxa3 29. Nxa3 Nb6 30. Qb1 Nc3 31. Bxc3 Rxc3 32. Qb4 Rc5 33. e4 Rb8 34. Rb1 Na8 35. Rb3 Nc7 36. a7 Rb7 37. Qa5 1-0

[Event "Oberliga Nord W 0809"]
[Site "Germany"]
[Date "2009.03.01"]
[Round "7.5"]
[White "Markert, Malte"]
[Black "Bredemeier, Dirk"]
[Result "1-0"]
[WhiteElo "2321"]
[BlackElo "2237"]
[PlyCount "109"]
[EventDate "2008.10.05"]
[EventType "tourn"]
[EventRounds "9"]
[EventCountry "GER"]
[SourceTitle "EXT 2010"]
[Source "ChessBase"]
[SourceDate "2010.11.25"]
[SourceVersion "1"]
[SourceVersionDate "2010.11.25"]
[SourceQuality "1"]
[WhiteTeam "Delmenhorst"]
[BlackTeam "Oldenburg Union"]
[WhiteTeamCountry "GER"]
[BlackTeamCountry "GER"]

1. d4 e6 2. c4 Nf6 3. Nc3 Bb4 4. Qc2 d5 5. a3 Bxc3+ 6. Qxc3 dxc4 7. Qxc4 b6 8. Nf3 Ba6 9. Qc2 Nbd7 10. g3 Bb7 11. Bg2 c5 12. dxc5 Rc8 13. 0-0 Nxc5 14. Rd1 Qe7 15. Bf4 Be4 16. Qc3 Qb7 17. Bd6 Bd5 18. Rac1 Rc6 19. Qe5 Ncd7 20. Rxc6 Nxe5 21. Nxe5 Bxg2 22. Rc7 Qxc7 23. Bxc7 Bd5 24. Bb8 Nd7 25. Rc1 Ke7 26. Nxd7 Rd8 27. Bxa7 Rxd7 28. Bxb6 Bb3 29. Rc7 Rxc7 30. Bxc7 f5 31. f3 Kd7 32. Be5 g5 33. Kf2 Kc6 34. g4 Kd5 35. Bf6 fxg4 36. fxg4 h6 37. Ke3 e5 38. Bg7 Ke6 39. Bxh6 Kf6 40. Bf8 Be6 41. Kf3 Bb3 42. Bb4 Bd5+ 43. Kg3 Bc4 44. e3 Bb3 45. Ba5 Kg6 46. h4 gxh4+ 47. Kxh4 Ba4 48. Bc7 Kf6 49. Kh5 Bd1 50. Bd8+ Ke6 51. Kg5 Kd7 52. Ba5 Ke6 53. Bc3 Kd5 54. Kf5 Bc2+ 55. Kf6 1-0

[Event "Pardubice Chladek&Tintera op-A 19th"]
[Site "Pardubice"]
[Date "2008.07.19"]
[Round "2"]
[White "Stopa, Jacek"]
[Black "Markert, Malte"]
[Result "1-0"]
[WhiteElo "2440"]
[BlackElo "2321"]
[PlyCount "51"]
[EventDate "2008.07.18"]
[EventType "swiss"]
[EventRounds "9"]
[EventCountry "CZE"]
[SourceTitle "CBM 125 Extra"]
[Source "ChessBase"]
[SourceDate "2008.09.01"]
[SourceVersion "1"]
[SourceVersionDate "2008.09.01"]
[SourceQuality "1"]

1. Nf3 d5 2. g3 Nf6 3. Bg2 e6 4. 0-0 Be7 5. d3 0-0 6. Nbd2 c5 7. e4 Nc6 8. Qe2 Qc7 9. Re1 dxe4 10. dxe4 e5 11. c3 b6 12. Nh4 Rd8 13. Nf5 a5 14. a4 Ba6 15. Nc4 g6 16. Nh6+ Kg7 17. Bf1 Rab8 18. h3 Qd7 19. Kh2 Qe6 20. b3 b5 21. axb5 Bxb5 22. h4 Bxc4 23. Qxc4 Rxb3 24. Nxf7 Qxc4 25. Bxc4 Rbb8 26. Bh6+ 1-0

[Event "Stare Mesto op"]
[Site "Stare Mesto"]
[Date "2007.08.14"]
[Round "6"]
[White "Roubalik, Jakub"]
[Black "Markert, Malte"]
[Result "1/2-1/2"]
[WhiteElo "2112"]
[BlackElo "2285"]
[PlyCount "53"]
[EventDate "2007.08.10"]
[EventType "swiss"]
[EventRounds "10"]
[EventCountry "CZE"]
[SourceTitle "CBM 119 Extra"]
[Source "ChessBase"]
[SourceDate "2007.09.04"]
[SourceVersion "1"]
[SourceVersionDate "2007.09.04"]
[SourceQuality "1"]

1. d4 d5 2. c4 e6 3. Nc3 c6 4. Nf3 Nf6 5. cxd5 exd5 6. Bg5 Be7 7. Qc2 g6 8. Bxf6 Bxf6 9. e4 dxe4 10. Qxe4+ Qe7 11. Bc4 Nd7 12. 0-0 Qxe4 13. Nxe4 Be7 14. Rfe1 0-0 15. d5 cxd5 16. Bxd5 Nf6 17. Nxf6+ Bxf6 18. Ne5 Kg7 19. Rac1 Bxe5 20. Rxe5 Kf6 21. f4 Rd8 22. Rc7 Rd7 23. Bxb7 Rxc7 24. Bxa8 Rc2 25. Rb5 Bd7 26. Ra5 Rxb2 27. Rxa7 1/2-1/2